Geography Quiz

Random Geography or City Quiz

Most Cities Over 100,000 Minefield Quiz Stats

 Plays Quiz not verified by Sporcle

Score 0/18 Timer 03:00
0 Plays Today
# of Cities of population over 100,000 State % Correct
30???
88.5%
20???
82.3%
5???
79.4%
6???
67.9%
10???
57.7%
9???
56.1%
8???
55.3%
7???
48.9%
8???
47.6%
# of Cities of population over 100,000 State % Correct
10???
43.7%
5???
41.9%
6???
39.5%
6???
38.7%
5???
33.4%
5???
27.5%
5???
21.8%
68???
17.6%
5???
17.6%

You're not logged in!

Compare scores with friends on all Sporcle quizzes.
OR
Log In

Show Comments

Extras

Top Quizzes Today


Score Distribution

Your Account Isn't Verified!

In order to create a playlist on Sporcle, you need to verify the email address you used during registration. Go to your Sporcle Settings to finish the process.

Report this User

Report this user for behavior that violates our Community Guidelines.

Details: